000
00223nam a2200097Ia 4500
001
734452
005
20250826163834.0
008
250824s9999 xx 000 0 und d
245
0
_a
METEHAN
_c
YUSUF OSMAN
260
_b
YEDİVEREN
999
_c
734452
_d
734452